000 00490nmm a2200169Ia 4500
008 251105s9999||||xx |||||||||||||||||und||
020 _a9789876991810
041 _aspa
100 _aGenovese, Alicia
245 0 _aLa doble voz : poetas argentinas contemporáneas
264 _a[Buenos Aires, Argentina] :
_bEduvim,
_c2015
300 _a186 páginas
490 _aJQKA
650 _aLatin American literature
856 _uhttps://public.digitaliapublishing.com/a/41039
942 _cCF
999 _c97587
_d97587